000
00327nam a2200145Ia 4500
003
Ost
005
20260225132555.0
008
260225s9999||||xx |||||||||||||| ||und||
040
_c
fsic
041
_a
fre
082
_a
440
245
0
_a
Le Multimedia :
245
0
_b
marché,droit et pratiques juridiques /
942
_c
كتاب
999
_c
34406
_d
34406